ბათუმის შოთა რუსთაველის სახელმწიფო უნივერსიტეტის ბიბლიოთეკა

ჩანაწერი Meeting Name

ჩანაწერთა რაოდენობა, რომელიც გამოყენებულია: 3

001 - CONTROL NUMBER

  • control field: 10472

003 - CONTROL NUMBER IDENTIFIER

  • control field: GE_BSU

005 - DATE AND TIME OF LATEST TRANSACTION

  • control field: 20210316124106.0

008 - FIXED-LENGTH DATA ELEMENTS

  • fixed length control field: 210316|| aca||aabn | a|a d

040 ## - CATALOGING SOURCE

  • Original cataloging agency: GE_BSU
  • Transcribing agency: GE_BSU

111 ## - HEADING--MEETING NAME

  • Meeting name or jurisdiction name as entry element: ბათუმის შოთა რუსთაველის სახ-ფო უნ-ტი

670 ## - SOURCE DATA FOUND

  • Source citation: Work cat.: (GE_BSU)51667: შანიძე, გ. 10469, მეწარმეობისა და აგრობიზნესის განვითარების პრიორიტეტები თანამედროვე ეტაპზე. (გურიის რეგიონის მაგალითზე) /